| 000 | 00850nam a2200181 4500 | ||
|---|---|---|---|
| 001 | 136703 | ||
| 003 | ES-MaACL | ||
| 005 | 20230906195215.0 | ||
| 007 | t| | ||
| 008 | 070214s1947 sp r ||||1| spa d | ||
| 100 | 1 |
_aSala Roqueta, Ramón. _9101674 |
|
| 245 | 1 | 0 |
_aOrientaciones para la mejora en la producción de patata y otras especies vegetales / _credactadas por don Ramón Sala Roqueta. |
| 260 |
_aLérida : _bLa Ed. Leridana, _c1947. |
||
| 300 |
_a39 p., 2 lám. ; _c21 cm + _e1 plan., 3 plan. pleg. |
||
| 500 | _aPrecede al tít.: Consejo Superior de Investigaciones Científicas, Estación de Biología Aplicada de Nuestra Señora de Bon Repós. | ||
| 710 | 2 |
_aConsejo Superior de Investigaciones Científicas (España). _bEstación de Biología Aplicada de Nuestra Señora de Bon Repós. _93239 |
|
| 852 |
_aES-MaACL _j1653-F-4 _bR.26496 |
||
| 999 |
_c136703 _d136703 |
||